| 000 | 00418nam a2200157 4500 | ||
|---|---|---|---|
| 001 | 107165 | ||
| 003 | ES-MaACL | ||
| 005 | 20230906184348.0 | ||
| 007 | t| | ||
| 008 | 061121s1936 sp r ||||1| spa d | ||
| 100 | 1 |
_aMorales Macedo, Carlos. _983052 |
|
| 245 | 1 | 0 |
_aBiologĂa fundamental / _cCarlos Morales Macedo. |
| 260 |
_aBarcelona : _bSalvat, _c1936. |
||
| 300 |
_a498 p. ; _c23 cm. |
||
| 852 |
_aES-MaACL _jE-838 |
||
| 999 |
_c107165 _d107165 |
||